<?xml version="1.0" encoding="UTF-8"?>
<record
    xmlns:xsi="http://www.w3.org/2001/XMLSchema-instance"
    xsi:schemaLocation="http://www.loc.gov/MARC21/slim http://www.loc.gov/standards/marcxml/schema/MARC21slim.xsd"
    xmlns="http://www.loc.gov/MARC21/slim">

  <leader>03075nam a2200433 a 4500</leader>
  <controlfield tag="001">ebr10577932</controlfield>
  <controlfield tag="003">CaPaEBR</controlfield>
  <controlfield tag="006">m        u        </controlfield>
  <controlfield tag="007">cr cn|||||||||</controlfield>
  <controlfield tag="008">100831s2010    quca    sb    010 0deng d</controlfield>
  <datafield tag="010" ind1=" " ind2=" ">
    <subfield code="z">  2010285980</subfield>
  </datafield>
  <datafield tag="020" ind1=" " ind2=" ">
    <subfield code="z">9780773537125 (bound)</subfield>
  </datafield>
  <datafield tag="020" ind1=" " ind2=" ">
    <subfield code="z">9780773537156 (pbk.)</subfield>
  </datafield>
  <datafield tag="020" ind1=" " ind2=" ">
    <subfield code="z">9780773585058 (e-book)</subfield>
  </datafield>
  <datafield tag="040" ind1=" " ind2=" ">
    <subfield code="a">CaPaEBR</subfield>
    <subfield code="c">CaPaEBR</subfield>
  </datafield>
  <datafield tag="035" ind1=" " ind2=" ">
    <subfield code="a">(OCoLC)767733518</subfield>
  </datafield>
  <datafield tag="043" ind1=" " ind2=" ">
    <subfield code="a">n-cn---</subfield>
  </datafield>
  <datafield tag="050" ind1="1" ind2="4">
    <subfield code="a">JL86.P64</subfield>
    <subfield code="b">P63 2010eb</subfield>
  </datafield>
  <datafield tag="082" ind1="0" ind2="4">
    <subfield code="a">320.60971</subfield>
    <subfield code="2">22</subfield>
  </datafield>
  <datafield tag="245" ind1="0" ind2="0">
    <subfield code="a">Policy</subfield>
    <subfield code="h">[electronic resource] :</subfield>
    <subfield code="b">from ideas to implementation : in honour of Professor G. Bruce Doern /</subfield>
    <subfield code="c">edited by Glen Toner, Leslie A. Pal, and Michael J. Prince.</subfield>
  </datafield>
  <datafield tag="260" ind1=" " ind2=" ">
    <subfield code="a">Montreal ;</subfield>
    <subfield code="a">Ithaca [N.Y.] :</subfield>
    <subfield code="b">Published for the Carleton School of Public Policy and Administration by McGill-Queen's University Press,</subfield>
    <subfield code="c">2010.</subfield>
  </datafield>
  <datafield tag="300" ind1=" " ind2=" ">
    <subfield code="a">xi, 290 p. :</subfield>
    <subfield code="b">ill.</subfield>
  </datafield>
  <datafield tag="504" ind1=" " ind2=" ">
    <subfield code="a">Includes bibliographical references.</subfield>
  </datafield>
  <datafield tag="505" ind1="0" ind2="0">
    <subfield code="t">Policy from ideas to implementation :</subfield>
    <subfield code="t">essays in honour of Professor G. Bruce Doern /</subfield>
    <subfield code="r">Leslie A. Pal, Michael J. Prince, and Glen Toner --</subfield>
    <subfield code="t">Bruce the builder /</subfield>
    <subfield code="r">John A. Chenier --</subfield>
    <subfield code="t">The accidental theorist : key themes in G. Bruce Doern's approach to the policy process /</subfield>
    <subfield code="r">Leslie A. Pal -- The policy roles of central agencies --</subfield>
    <subfield code="t">Bruce Doern's original ideas /</subfield>
    <subfield code="r">Peter Aucoin --</subfield>
    <subfield code="t">Self-regulation, exhortation, and symbolic politics :</subfield>
    <subfield code="t">gently coercive governing? /</subfield>
    <subfield code="r">Michael J. Prince --</subfield>
    <subfield code="t">New directions and old dilemmas :</subfield>
    <subfield code="t">taxation as an instrument of public policy /</subfield>
    <subfield code="r">Allan M. Maslove --</subfield>
    <subfield code="t">Science advisory mechanisms in Canada :</subfield>
    <subfield code="t">an institutional analysis /</subfield>
    <subfield code="r">Jeffrey S. Kinder --</subfield>
    <subfield code="t">Policies of culturing science and technology in Canada /</subfield>
    <subfield code="r">Markus Sharaput --</subfield>
    <subfield code="t">Digital state 2.0 /</subfield>
    <subfield code="r">Sanford Borins --</subfield>
    <subfield code="t">Canada-United states energy relations :</subfield>
    <subfield code="t">from domestic to North American energy policies /</subfield>
    <subfield code="r">Monica Gattinger --</subfield>
    <subfield code="t">Policy making in the indeterminate world of energy transitions :</subfield>
    <subfield code="t">carbon capture and storage as technological transition or enhanced carbon lock in /</subfield>
    <subfield code="r">James Meadowcraft and Matthew Hellin --</subfield>
    <subfield code="t">Growing the children of Brundtland :</subfield>
    <subfield code="t">the creation and evolution of the NRTEE, IISD, CESD, and SDTC /</subfield>
    <subfield code="r">Serena Boutros, Lillian Hayward, Anique Montambault, Laura Smallwood, and Glen Toner.</subfield>
  </datafield>
  <datafield tag="533" ind1=" " ind2=" ">
    <subfield code="a">Electronic reproduction.</subfield>
    <subfield code="b">Palo Alto, Calif. :</subfield>
    <subfield code="c">ebrary,</subfield>
    <subfield code="d">2011.</subfield>
    <subfield code="n">Available via World Wide Web.</subfield>
    <subfield code="n">Access may be limited to ebrary affiliated libraries.</subfield>
  </datafield>
  <datafield tag="600" ind1="1" ind2="0">
    <subfield code="a">Doern, G. Bruce.</subfield>
  </datafield>
  <datafield tag="650" ind1=" " ind2="0">
    <subfield code="a">Political planning</subfield>
    <subfield code="z">Canada.</subfield>
  </datafield>
  <datafield tag="650" ind1=" " ind2="0">
    <subfield code="a">Science and state</subfield>
    <subfield code="z">Canada.</subfield>
  </datafield>
  <datafield tag="650" ind1=" " ind2="0">
    <subfield code="a">Technological innovations</subfield>
    <subfield code="x">Government policy</subfield>
    <subfield code="z">Canada.</subfield>
  </datafield>
  <datafield tag="650" ind1=" " ind2="0">
    <subfield code="a">Energy policy</subfield>
    <subfield code="z">Canada.</subfield>
  </datafield>
  <datafield tag="655" ind1=" " ind2="7">
    <subfield code="a">Electronic books.</subfield>
    <subfield code="2">local</subfield>
  </datafield>
  <datafield tag="700" ind1="1" ind2=" ">
    <subfield code="a">Doern, G. Bruce.</subfield>
  </datafield>
  <datafield tag="700" ind1="1" ind2=" ">
    <subfield code="a">Pal, Leslie Alexander,</subfield>
    <subfield code="d">1954-</subfield>
  </datafield>
  <datafield tag="700" ind1="1" ind2=" ">
    <subfield code="a">Prince, Michael J.</subfield>
  </datafield>
  <datafield tag="700" ind1="1" ind2=" ">
    <subfield code="a">Toner, Glen B.</subfield>
  </datafield>
  <datafield tag="710" ind1="2" ind2=" ">
    <subfield code="a">Carleton University.</subfield>
    <subfield code="b">School of Public Policy and Administration.</subfield>
  </datafield>
  <datafield tag="710" ind1="2" ind2=" ">
    <subfield code="a">ebrary, Inc.</subfield>
  </datafield>
  <datafield tag="856" ind1="4" ind2="0">
    <subfield code="u">http://site.ebrary.com/lib/rucke/Doc?id=10577932</subfield>
    <subfield code="z">An electronic book accessible through the World Wide Web; click to view</subfield>
  </datafield>
  <datafield tag="999" ind1=" " ind2=" ">
    <subfield code="c">189227</subfield>
    <subfield code="d">189227</subfield>
  </datafield>
</record>
